| 000 | 01757nam a2200385 a 4500 | ||
|---|---|---|---|
| 001 | 60957 | ||
| 003 | BD-RjUL | ||
| 005 | 20211209080915.0 | ||
| 008 | 170105s2007 enka b i001 0 eng | ||
| 020 | _a9780821371114 (v. 1 : hbk.) | ||
| 020 | _a0821371118 (v. 1 : hbk.) | ||
| 020 | _a9780821369913 (v. 1 : pbk.) | ||
| 020 | _a0821369911 (v. 1 : pbk.) | ||
| 020 | _a9780821372159 (v. 2 : pbk.) | ||
| 020 | _a9780821378366 (v. 2 : hbk.) | ||
| 020 | _a9780821372173 (v. 3 : pbk.) | ||
| 020 | _a9780821376317 (v. 4 : pbk.) | ||
| 035 | _a(BD-RjUL)61081 | ||
| 040 |
_aUKM _cUKM _dBTCTA _dBAKER _dYDXCP _dC#P _dBWX _dDLC _dBD-RjUL _beng |
||
| 041 | _aeng | ||
| 082 | 0 | 4 |
_a339.46091724 _222 _bMOV 2007 |
| 245 | 0 | 0 |
_aMoving out of poverty / _cDeepa Narayan and Patti Petesch, editors. |
| 260 |
_aBasingstoke ; _aNew York : _bPalgrave ; _aWashington, D.C. : _bWorld Bank, _cc2007-<c2010 > |
||
| 300 |
_a4 v. : _bill. ; _c24 cm. |
||
| 504 | _aIncludes bibliographical references and index. | ||
| 505 | 1 | _av. 1. Cross-disciplinary perspectives on mobility / Deepa Narayan and Patti Petesch, editors -- v. 2. Success from the bottom up / Deepa Narayan, Lant Pritchett, and Soumya Kapoor -- v. 3. The promise of empowerment and democracy in India / Deepa Narayan, editor -- v. 4. Rising from the ashes of conflict / Deepa Narayan and Patti Petesch, editors | |
| 650 | 0 |
_aPoverty _zDeveloping countries. _9175540 |
|
| 650 | 0 |
_aSocial mobility _xEconomic aspects _zDeveloping countries. _9181950 |
|
| 650 | 0 |
_aMigrant labor _zDeveloping countries. _9181951 |
|
| 651 | 0 |
_aDeveloping countries _xEconomic conditions. _9174336 |
|
| 700 | 1 |
_aNarayan-Parker, Deepa. _9181952 |
|
| 700 | 1 |
_aPetesch, Patti L. _9181953 |
|
| 942 |
_2ddc _cBK |
||
| 999 |
_c60957 _d60957 |
||